[Event "Managua Ramirez de Arellano Memorial"]
[Site "Managua"]
[Date "2022.08.07"]
[Round "8"]
[White "Sanchez Caceres, Benjamin Jose"]
[Black "Delgado Escobar, Moritz Antonio"]
[Result "1-0"]
[WhiteElo "1365"]
[BlackElo "1211"]
[PlyCount "106"]
[EventDate "2022.07.23"]
[EventType "swiss"]
[EventRounds "9"]
[EventCountry "NCA"]
[SourceTitle "EXT 2024"]
[Source "ChessBase"]
[SourceDate "2023.10.10"]
[SourceVersion "1"]
[SourceVersionDate "2023.10.10"]
[SourceQuality "1"]

1. c4 e6 2. Nc3 Nf6 3. g3 Be7 4. Bg2 c6 5. d3 0-0 6. Nf3 d5 7. Bf4 Bb4 8. 0-0 Nbd7 9. Na4 Nb6 10. Nxb6 Qxb6 11. a3 Be7 12. Qc2 Nd7 13. b4 Bf6 14. Ra2 e5 15. Bg5 Qd8 16. Bxf6 Qxf6 17. cxd5 cxd5 18. Nd2 Nb6 19. f4 Be6 20. fxe5 Qxe5 21. Raa1 Qxe2 22. Rae1 Qg4 23. Rf4 Qg5 24. Nf3 Qd8 25. Nd4 Nd7 26. Nxe6 fxe6 27. Rxf8+ Nxf8 28. Bh3 Rc8 29. Qb2 Rc6 30. Qd4 Qc7 31. Qxa7 Ra6 32. Qe3 Qc3 33. d4 Qxa3 34. Qxa3 Rxa3 35. Bxe6+ Nxe6 36. Rxe6 Rd3 37. Re7 Rxd4 38. Rxb7 Kf8 39. b5 Re4 40. Rc7 Rb4 41. Rc5 d4 42. Rd5 Ke7 43. b6 Ke6 44. Rd8 Ke5 45. Kf1 Rxb6 46. Rd7 Rh6 47. Rxg7 Rxh2 48. Rg4 d3 49. Ke1 Re2+ 50. Kd1 Rg2 51. Ke1 h5 52. Rg5+ Kd4 53. Rxh5 Rxg3 1-0